00723nam a2200241 a 4500001001300000003000900013005001700022008004100039020002500080082001600105100003100121245003200152260004700184300000900231500003500240505001000275650002300285700003100308902000800339942000700347952011200354999001500466nice12345678IN_TiNIC20260116013146.0050524s1978 alba grp 000 0 eng  a087395 c661.500a181.07bFRA aFrank, Richard Mac Donough aBeings and Their Attributes aAlbanybState University of New Yorkc1978 a215p aincludes index and biblioraphy2 aIndex aPhilosophy-Islamic1 aFrank, Richard Mac Donough bSRS cBK 00104070aHMIbHMId2007-08-01g661.50l1m1o181.07 FRAp016802r2017-01-27s2017-01-23w2026-01-16yEB c9909d9909